| 000 | 01300pam a2200337 i 4500 | ||
|---|---|---|---|
| 001 | ocn876937682 | ||
| 003 | OCoLC | ||
| 005 | 20240123073005.0 | ||
| 008 | 221213s2023 mau 000 1 eng d | ||
| 020 | _a9781624905360 | ||
| 040 |
_aCD5 _beng _cCD5 _dOCLCO _dOCLCQ _dOCLCF _dOCLCO _dWACOL _erda |
||
| 082 | 0 | 4 | _aF Graham |
| 092 | _aF Graham | ||
| 100 | 1 |
_aGraham, Heather, _962339 _d1970- |
|
| 245 | 1 | 4 |
_aThe night is watching / _cHeather Graham. |
| 264 | 1 |
_aDon Mills, Ontario : _bHarlequin MIRA, _c[2013] |
|
| 300 |
_a392 pages ; _c22 cm. |
||
| 336 | _atext | ||
| 337 | _aunmediated | ||
| 338 | _avolume | ||
| 490 | 1 | _aKrewe of hunters | |
| 520 | _aWhen a human skull is found on the grounds of the historic Gilded Lily theater, Sheriff Sloan Trent works with Krewe of Hunters paranormal investigator Jane Everett to discover what is going on. | ||
| 650 | 0 |
_aParapsychology _xInvestigation _vFiction. _96399068 |
|
| 650 | 0 |
_aParapsychologists _vFiction. _96398928 |
|
| 650 | 0 |
_aHaunted places _zArizona _vFiction. _96399069 |
|
| 651 | 0 |
_aArizona _vFiction. _95676040 |
|
| 655 | 7 |
_aParanormal fiction. _95674233 |
|
| 655 | 7 |
_aRomantic suspense fiction. _95919110 |
|
| 800 | 1 |
_aGraham, Heather. _tKrewe of hunters. _95690659 |
|
| 942 |
_cBOOK _2ddc |
||
| 999 |
_c293143 _d293142 |
||